000 00508nam a22001817a 4500
999 _c11911
_d11911
008 210608b ||||| |||| 00| 0 eng d
020 _a9788179927502
082 _a323.092
_bBRU
100 _aBruns, Roger
245 _aMartin Luther King, Jr : a biography
260 _aMumbai
_bJaico Publishing House
_c2008
300 _axiv, 157p.
_bHb
440 _aJaico great lives series
650 _aUnited States
650 _aCivil rights workers
650 _aAfrican Americans--Civil rights
942 _cGB